| 000 | 00761nam a2200193 a 4500 | ||
|---|---|---|---|
| 008 | 101111s2005 ||||||||||||||||| || u | ||
| 020 | _a0761944966 | ||
| 050 | _aHD 62.4 Par | ||
| 100 | _aParker, Barbara | ||
| 245 | 1 | 0 | _aIntroduction to globalization and business: relationships and responsibilities |
| 260 |
_aLondon _bSAGE Publications _c2005 |
||
| 300 | _axii, 523p.: ill | ||
| 350 | _a0.00 | ||
| 650 | 0 | _aINTERNATIONAL ECONOMIC RELATIONS--HANDBOOKS, MANUALS, E.T.C | |
| 650 | _aINTERNATIONAL BUSINESS ENTERPRISES--MANAGEMENT | ||
| 650 | 0 | _aGLOBALIZATION | |
| 650 | 0 | _aBUSINESS | |
| 995 |
_D0.00 _FCBU-MAIN LIBRARY (Kitwe) _H1 _I0.00 _M1 _UAVAILABLE _WDec 10, 2010 _ZMain Library Open Access Collection |
||
| 999 |
_c47780 _d47780 |
||